000 00622cam a22002173a 4500
001 42574
003 PGUSA
005 20140828083950.0
008 130421s2013||||xxu|||||s|||||000 | eng d
040 _aPGUSA
_beng
042 _adc
100 1 _aGaris, Howard Roger,
_d1873-1962
245 1 0 _aUncle Wiggily in Wonderland
_h[electronic resource] /
_cHoward Roger Garis
260 _bProject Gutenberg,
_c2013
506 _aPublic domain in the USA.
516 _aElectronic text
700 1 _aBloomfield, Edward
830 0 _aProject Gutenberg
_v42574
856 4 0 _uhttp://www.gutenberg.org/ebooks/42574
942 _cEB
999 _c271826
_d271826